Spring
| Main Author: | |
|---|---|
| Format: | Book |
| Published: |
London :
Watts Books ,
1993
|
| Series: | Get set... Go!
|
MARC
| LEADER | 00000cam a2200000 7i4500 | ||
|---|---|---|---|
| 001 | 0000007194 | ||
| 002 | 000007739 | ||
| 005 | 20000330.0 | ||
| 020 | |a 0749613009 | ||
| 090 | 0 | 0 | |a J 745 |b THO |
| 100 | 1 | |a Thomson, Ruth | |
| 245 | 1 | 0 | |a Spring |c Ruth Thomson |
| 260 | |a London : |b Watts Books , |c 1993 | ||
| 300 | |a 32 p. ; |c 15 cm. | ||
| 490 | 0 | |a Get set... Go! | |
| 999 | |a 052512 |b BUKU |c PINJAMAN |e PERPUSTAKAAN KOMUNITI PETALING JAYA | ||